000 00765cam a2200241 i 4500
001 21024745
005 20250207183313.0
008 190618s2018 nyu b 001 0 eng
020 _a9781138632295 (hbk)
020 _z9781315208343 (ebk)
050 0 0 _aHC79.E5
_bT525 2018
082 0 0 _a333.7
_223
100 1 _aTietenberg, Thomas H.,
_eauthor.
245 1 0 _aEnvironmental and natural resource economics /
_cTom Tietenberg and Lynne Lewis.
250 _a11th edition.
300 _axxvii, 557 pages ;
_c24 cm
650 0 _aEnvironmental economics.
650 0 _aEnvironmental policy.
650 0 _aNatural resources
_xGovernment policy.
650 0 _aRaw materials
_xGovernment policy.
700 1 _aLewis, Lynne,
_eauthor.
942 _2lcc
_cBK
_e11th Ed.
_n0
999 _c3592
_d3592